|
|
|
|
| LEADER |
01112nam a2200289 a 4500 |
| 001 |
000163099 |
| 003 |
CZ BrMZK |
| 005 |
20230623114920.0 |
| 008 |
960815s1997 xr f cze d |
| 015 |
|
|
|a cnb000209724
|
| 020 |
|
|
|a 80-214-0867-7
|
| 035 |
|
|
|a (OCoLC)84932474
|
| 040 |
|
|
|a BOA001
|b cze
|
| 072 |
|
7 |
|a 681.5
|x Automatizační a řídicí technika
|2 Konspekt
|9 19
|
| 080 |
|
|
|a 681.58
|2 MRF
|
| 080 |
|
|
|a (048.8)
|2 MRF
|
| 100 |
1 |
|
|a Pivoňka, Petr
|7 xx0037716
|4 aut
|
| 245 |
1 |
0 |
|a Možnosti aplikace adaptivních a inteligentních regulátorů při řízení průmyslových procesů /
|c Petr Pivoňka.
|
| 260 |
|
|
|a Brno :
|b Vysoké učení technické,
|c 1997
|
| 300 |
|
|
|a 22 s. ;
|c 29 cm
|
| 500 |
|
|
|a Abstrakta z akce Milestones and pointers of automation 97. - Bibliogr.
|
| 650 |
0 |
7 |
|a regulační technika
|7 ph125089
|2 czenas
|
| 655 |
|
7 |
|a studie
|7 fd133597
|2 czenas
|
| 710 |
2 |
|
|a Vysoké učení technické v Brně.
|b Strojní fakulta
|7 kn20010709428
|
| 910 |
|
|
|a BOA001
|b X2-1031.853
|
| 990 |
|
|
|a BK
|
| 996 |
6 |
|
|b 2610050653
|c X2-1031.853
|l MZK
|r Sklad / do 24 hodin
|n 10
|p p.v.
|w 000163099
|u 000010
|a 1
|e BOA001
|j MZK50
|s P
|